000 00577cab a2200205 4500
001 X2066
008 090401t1995 xxu||||| |||| 00| 0 eng d
035 _a(Sirsi) u21579
041 _aeng
245 _aCommercial property service charges : good practice guide published
260 _c1995
350 _a0
490 _aCSM (Chartered Surveyor Monthly)
_v4(5) March 1995, 11(1)
650 _aAPPORTIONMENT
650 _aProperty management
_96262
650 _aSERVICE CHARGES
690 _aLANDLORD AND TENANT-BUSINESS TENANCIES
942 _n0
948 _c04/03/1997
999 _c14481
_d14481